Statistics for Countries with the most men

Click here to take the quiz!

General Stats

  • This quiz has been taken 31 times
  • The average score is 8 of 15

Answer Stats

Male percentageCountry% Correct
75%Qatar
86%
58%Saudi Arabia
86%
69%United Arab Emirates
86%
66%Oman
82%
64%Bahrain
79%
52%India
71%
61%Kuwait
68%
51%Pakistan
68%
53%Bhutan
46%
52%Brunei
32%
63%Maldives
25%
52%Samoa
21%
52%Singapore
21%
53%Djibouti
18%
56%Equatorial Guinea
0%

Score Distribution

Percentile by Number Answered

Percent of People with Each Score

Your Score History

You have not taken this quiz